|
|
|
|
| LEADER |
00000cam a2200000 7i4500 |
| 001 |
0000000419 |
| 005 |
20040225.0 |
| 090 |
0 |
0 |
|a JPSM634.909595
|b DAS 1978
|
| 245 |
0 |
0 |
|a DASAR Perhutanan Negara .
|l National Forestry Policy
|f diluluskan oleh Majlis Tanah Negara pada 10hb April 78 (approved by the National Land Council on the 10th April 78
|
| 260 |
0 |
0 |
|a (Kuala Lumpur :
|b Jabatan Perhutanan ,
|c 1978)
|
| 300 |
|
|
|a 22 p. ;
|c 23 cm.
|
| 650 |
0 |
0 |
|a Forests and forestry
|z Malaysia
|
| 650 |
0 |
0 |
|a Malaysia
|x Forest policy
|
| 710 |
1 |
1 |
|a MALAYSIA ,
|c Jabatan Perhutanan Semenanjung Malaysia
|
| 745 |
0 |
0 |
|a National Forestry Policy
|
| 998 |
|
|
|a JPSM
|
| 999 |
|
|
|a 0000001603
|b Monograph
|c Open Shelf
|e Default branch
|
| 999 |
|
|
|a 0000001941
|b Monograph
|c Reference
|e Default branch
|
| 999 |
|
|
|a 0000001942
|b Monograph
|c Open Shelf
|e Default branch
|